| 000 | 00370nam a2200133Ia 4500 | ||
|---|---|---|---|
| 005 | 20260328104344.0 | ||
| 008 | 260328s9999||||xx |||||||||||||| ||und|| | ||
| 100 | _aVelásquez, Eduardo | ||
| 245 | 0 |
_aEconomia Urbana y periodización Histórica de Guatemala, dos Estudios / _cEduardo Velásquez |
|
| 260 | _bCEUR | ||
| 300 | _a62 p. | ||
| 650 | _aGUATEMALA | ||
| 942 | _cBK | ||
| 999 |
_c12239 _d12239 |
||